Strumöser Bubo tuberkulösen und lymphogranulomatösen Ursprungs

Elmentve itt :
Bibliográfiai részletek
Szerzők: Melczer Miklós
Sipos Károly
Dokumentumtípus: Cikk
Megjelent: 1939
Sorozat:Kolligátum
Kulcsszavak:Tuberkulózis
Online Access:http://misc.bibl.u-szeged.hu/25366
LEADER 00596nab a2200181 i 4500
001 misc25366
005 20191108150235.0
008 171129s1939 hu o 0|| ger d
040 |a SZTE Miscellanea Repozitórium  |b hun 
041 |a ger 
100 1 |a Melczer Miklós 
245 1 0 |a Strumöser Bubo tuberkulösen und lymphogranulomatösen Ursprungs  |h [elektronikus dokumentum] /  |c  Melczer Miklós 
260 |c 1939 
300 |a 135-146 
490 0 |a Kolligátum 
695 |a Tuberkulózis 
700 0 1 |a Sipos Károly  |e aut 
856 4 0 |u http://misc.bibl.u-szeged.hu/25366/1/016_016_135-146.pdf  |z Dokumentum-elérés